000
00319nam a22001457a 4500
008
221014b ||||| |||| 00| 0 eng d
020
_a
9781454807100
041
_a
eng
080
_2
EIGHTH EDITION
_a
34
082
_a
34
100
_a
33
101
_a
JURE
245
_a
CIVIL PROCEDURE
_c
YEAZELL S
942
_2
udc
_c
BK
999
_c
58577
_d
58577